Electrical Power Systems / (Record no. 8478)
[ view plain ]
| 000 -LEADER | |
|---|---|
| fixed length control field | 00871nac a22002291u 4500 |
| 020 ## - INTERNATIONAL STANDARD BOOK NUMBER | |
| International Standard Book Number | 8122417221 |
| 082 ## - DEWEY DECIMAL CLASSIFICATION NUMBER | |
| Classification number | 621.3191 |
| Item number | WAD |
| 090 ## - LOCALLY ASSIGNED LC-TYPE CALL NUMBER (OCLC); LOCAL CALL NUMBER (OCLC) | |
| -- | 8478 |
| -- | 8478 |
| 100 ## - MAIN ENTRY--PERSONAL NAME | |
| Personal name | Wadhwa, C.L. |
| 245 ## - TITLE STATEMENT | |
| Title | Electrical Power Systems / |
| Statement of responsibility, etc | C.L.Wadha. |
| 250 ## - EDITION STATEMENT | |
| Edition statement | 4th ed. |
| 260 ## - PUBLICATION, DISTRIBUTION, ETC. (IMPRINT) | |
| Place of publication, distribution, etc | New Delhi: |
| Name of publisher, distributor, etc | New Age International (p) Limited Publishers,C.2005. |
| Date of publication, distribution, etc | C.2005. |
| 300 ## - PHYSICAL DESCRIPTION | |
| Extent | 887p; |
| Dimensions | 25cm. |
| 500 ## - GENERAL NOTE | |
| General note | Distributer: Al-Ahram. |
| 504 ## - BIBLIOGRAPHY, ETC. NOTE | |
| Bibliography, etc | Includes Index. |
| 511 ## - PARTICIPANT OR PERFORMER NOTE | |
| Participant or performer note | Catalogued By: Mahitab. |
| 650 ## - SUBJECT ADDED ENTRY--TOPICAL TERM | |
| Topical term or geographic name as entry element | Electric power system stability. |
| 650 ## - SUBJECT ADDED ENTRY--TOPICAL TERM | |
| Topical term or geographic name as entry element | Electric power systems--Quality control. |
| 942 ## - ADDED ENTRY ELEMENTS (KOHA) | |
| Item type | Book - Borrowing |
| Call number prefix | 621.3191 WAD |
| Withdrawn status | Item status | Damaged status | Not for loan | Home library | Current library | Shelving location | Date acquired | Source of acquisition | Total Checkouts | Full call number | Barcode | Date last seen | Koha item type | Source of classification or shelving scheme | Vendor | Cost, normal purchase price | Serial Enumeration / chronology |
|---|---|---|---|---|---|---|---|---|---|---|---|---|---|---|---|---|---|
| Central Library | Central Library | First floor | 08/03/2010 | Purchase | 621.3191 WAD | 000010313 | 15/07/2025 | Book - Borrowing | |||||||||
| Central Library | Central Library | First floor | 08/02/2009 | 621.3191 WAD | 000014703 | 15/07/2025 | Book - Borrowing | Dewey Decimal Classification | Alahram | 150.00 | 6460 |